Baromfitenyésztés az EFSz-ben [a mű ered. címe Chov hydiny v JRD ; ford. Kubala Károly] 1. rész

Bibliographic Details
Main Authors: Podhradský, Jan, 1897-1969 (Author), Svozil, Eduard, 1896-1965 (Author), Kalina, Rudolf (Author), Dlabač, Jozef (Author), Veselý, Jozef (Author), Žamboch, Jozef (Author)
Other Authors: Hlouška, Josef (Editor), Kubala, Károly (Translator)
Format: Book
Language:Hungarian
Slovak
PhysicalDescription:178 s. V. 8°
Published: Bratislava Štátne pôdohospodárske nakladateľstvo 1954
Series:Hároméves szövetkezeti oktatótanfolyam 2. év.. Tankönyvsorozat
Subjects:

MARC

LEADER 00000cam a2200000 a 4500
001 vtls008363663
003 SK-MaSNL
005 20260302074551.0
008 251029s1954 xo 000 0 hun
015 |a SKSNBA19451955-000542 
035 |a SK01SNKBKSFS20020055880 
035 |a SKM000058343 
040 |a SNK  |b slo  |c SNK  |e AACR2 
041 1 |a hun  |h slo 
044 |a xo  |c SK 
080 |a 636.5  |2 1981 
080 |a 454  |2 1981 
245 0 0 |a Baromfitenyésztés az EFSz-ben  |n 1. rész  |c [a tankönyvet írták: Az 1., 5. és 6. fej. Ján Podhradský, a 2., 3. és 4. fej. Eduard Svozil, a 7 és 8. fej. Rudolf Kalina, a 9. és 10. fej. Jozef Dlabač, a 11. fej. Jozef Veselý és a 12. fej. Jozef Žamboch ; tud. szerk. Jozef Hlouška]  |b [a mű ered. címe Chov hydiny v JRD ; ford. Kubala Károly] 
260 |a Bratislava  |b Štátne pôdohospodárske nakladateľstvo  |c 1954  |e Trnava  |f Knižné závody 
300 |a 178 s.  |c V. 8° 
490 1 |a Hároméves szövetkezeti oktatótanfolyam  |v 2. év.. Tankönyvsorozat  |v 28. köt. 
500 |a Ilustrované 
563 |a 1.100 výtlač. 
650 0 7 |a chov hydiny  |2 SNK  |9 31414 
655 7 |a knihy  |2 SNKPH  |9 307098 
700 1 |a Podhradský, Jan,  |d 1897-1969  |4 aut 
700 1 |a Svozil, Eduard,  |d 1896-1965  |4 aut  |9 109244 
700 1 |a Kalina, Rudolf  |4 aut  |9 360946 
700 1 |a Dlabač, Jozef  |4 aut  |9 360947 
700 1 |a Veselý, Jozef  |4 aut  |9 5644 
700 1 |a Žamboch, Jozef  |4 aut  |9 360948 
700 1 |a Hlouška, Josef  |4 edt  |9 62254 
700 1 |a Kubala, Károly  |4 trl  |9 309382 
830 0 |a Hároméves szövetkezeti oktatótanfolyam  |p 2. év.. Tankönyvsorozat  |9 740380 
852 |a Slovenská národná knižnica v Martine  |b 10000  |h MS SD 8535/28a 
958 |a OND 
958 |a RK 
958 |a TL 
999 |c 1165541  |d 1167471 
952 |a SNK  |b SNK  |y PREZ  |7 0  |p 17A0369495  |o snkSD 8535/28a  |0 0  |1 0  |4 0  |d 2002-12-11  |l 0  |r 2025-11-21 00:00:00  |w 2026-02-24 
952 |a SNK  |b SNK  |y VYP  |7 0  |p 17A1150047  |o snkSD 8535/28a D1  |i snkI. 154/55  |0 0  |1 0  |4 0  |d 2016-03-29  |l 0  |r 2026-02-24 20:47:27  |w 2026-02-24